00543nam a22001577a 450000500170000001000150001702000260003203500140005803700090007208200110008110000190009224500610011126000580017227001270023030000280035720220204102848.0 aENG-131392 a9789354600333c595.00 aEN-114924 bDBAD a006.31 aThareja, Reema aData Science and Machine Learning with R/cReema Thareja aUttar PradeshbPearson India Education Servicesc2021 a15th Flooor, Tower-B, World Trade Tower, Plot No. 1, Block-C, Sector-16bNoidae201301mcompanysecretary.india@pearson.com a472p.bIndexc24cm(pbk)